00970nam a2200277 i 450000500170000000800410001702000180005804000350007604100080011110000310011924500680015025000220021826400280024030000470026833600270031533700330034233800280037565000570040365000550046065000530051565000390056870000440060794200150065108400110066699900150067720220317000147.0141031s2008 sp a gs 000 0 spa  a9788496629023 aCO-BoRNBPbspacCO-BoRNBPerda0 aspa1 aCarle, Eric,d1929-eautor10aMi primer libro de las formasctexto e ilustraciones Eric Carle aPrimera edición 1aMadridbKókinosc2008 a20 páginasbilustraciones a colorc20 cm atextobtxt2rdacontent asin mediaciónbn2rdamedia avolumenbnc2rdacarrier14aÁlbumes infantiles estadounidensesySiglo XX2LEMB14aLiteratura infantil estadounidenseySiglo XX2LEMB14aFormas geométricasvÁlbumes infantiles2LEMB14aLibro ilustrado para niños2LEMB1 aCarle, Eric,d1929-,eilustrador917081 2loccBKLIT aA CAR5 c3270d3270